00719nam a22002057a 450000500170000001000150001702000180003203500140005003700090006408200080007324501660008126000430024727000940029030000340038450000190041865000210043765000160045870000220047470000170049620260507163136.0 aENG-148397 a9789381496985 aEN-131929 bDBAD a954 aAnnals of Seth Gordhandas Sunderdas Medical College & KEM Hospital (1925–2025): Nationalism, Foundation, and Growthcedited by Sunil K. Pandya [and] Lopa Mehta aMumbaibBhalani Publishing Housec2026 a11 Mavawala Building opp. Seth G.S. Medical College & KEM Hospital Parel,bMumbaie400012 axxxiv,718p.c25cm(Hb)billus. aIncludes index aPublic libraries aDirectories aPandya, Sunil K.  aMehta, Lopa